Σάμος η κυρά των αμπελιών

Αποθηκεύτηκε σε:
Λεπτομέρειες βιβλιογραφικής εγγραφής
Συγγραφή απο Οργανισμό/Αρχή: Πνευματικό Ιδρυμα Σάμου "Νικόλαος Δημητρίου"
Άλλοι συγγραφείς: Βασιλένας, Στρατής
Μορφή: Βιβλίο
Γλώσσα:Greek
Δημοσίευση: Αθήνα : Πνευματικό Ιδρυμα Σάμου "Νικόλαος Δημητρίου", 2000.
Θέματα:
Ετικέτες: Προσθήκη ετικέτας
Δεν υπάρχουν, Καταχωρήστε ετικέτα πρώτοι!

MARC

LEADER 00000cam a2200000 i 4500
001 1/19821
008 010629s2000 gr | ||| |||| ||gre||
020 |a 960781309X 
035 |l 10066991 
040 |a GR-MyUA  |b gre  |e AACR2 
041 0 |a gre 
082 0 |a 634.80499  |2 (20) 
245 1 0 |a Σάμος η κυρά των αμπελιών /   |c Στρατής Βασιλένας ... [κ.α.]/  
260 |a Αθήνα :   |b Πνευματικό Ιδρυμα Σάμου "Νικόλαος Δημητρίου",   |c 2000.  
300 |a 349 σ. :   |b εικ. ;   |c 28 εκ.  
650 0 0 |a Viticulture  |z Greece  |z Samos (Municipality) 
650 0 0 |a Wine and wine making  |z Greece  |z Samos (Municipality) 
651 0 |a Samos (Greece : Municipality)  |x History. 
700 1 |a Βασιλένας, Στρατής. 
710 2 |a Πνευματικό Ιδρυμα Σάμου "Νικόλαος Δημητρίου". 
852 |a INST  |b LESVOS  |e 20060719  |h 634.80949582 ΣΑΜ  |p 005100036359  |q 005100036359  |t BK  |y 0 
852 |a INST  |b SAMOS  |e 20010629  |h 634.80499 ΣΑΜ  |p 005300020717  |q 005300020717  |t BK  |y 0 
901 |a BIBL3-2001-2 
901 |a BIBL1-2006-2 
909 |a Σ  |b 086688 
909 |a Λ  |b 124319 
970 |a ΠΟΥΡΝΑΡΑΣ  |b ΔΗΜΗΤΡΗΣ  |z 2001/06/29